Imperial democrac;y: the United states since 1945 (Record no. 36049)

MARC details
000 -LEADER
fixed length control field 00381nam a2200145Ia 4500
008 - FIXED-LENGTH DATA ELEMENTS--GENERAL INFORMATION
fixed length control field 230917s9999||||xx |||||||||||||| ||und||
040 ## - CATALOGING SOURCE
-- 71556
Original cataloging agency VIVEKANANDA LIBRARY
041 ## - Language
-- English
082 ## - DDC NUMBER
Classification number 973.92 D853I
100 ## - MAIN ENTRY--PERSONAL NAME
Personal name Dubofsky, Melvyn
245 #0 - TITLE STATEMENT
Title Imperial democrac;y: the United states since 1945
260 ## - PUBLICATION, DISTRIBUTION, ETC. (IMPRINT)
Place of publication, distribution, etc New Jersy
Name of publisher, distributor, etc Prentiice-hall
Date of publication, distribution, etc 1983
300 ## - PHYSICAL DESCRIPTION
Pages x, 278 p.
942 ## - ADDED ENTRY ELEMENTS (KOHA)
Koha item type Books
Holdings
Withdrawn status Lost status Damaged status Not for loan Location (home branch) Sublocation or collection (holding branch) Date acquired Koha issues (times borrowed) Koha full call number Accession No. Koha date last seen Koha item type
        VIVEKANANDA LIBRARY VIVEKANANDA LIBRARY 04/02/2003   973.92 D853I 101466 17/09/2023 Books
© Designed and Maintained by Vivekananda Library, MDU Rohtak